000 00711nam a2200181Ia 4500
008 100921s9999 xx 000 0 und d
082 _b38999
_a920.71 न 03
100 _aबोरगावकर रा.म.
245 _aनि:शब्द पाऊलवाट.
260 _bमधुश्री प्रकाशन, पुणे.
_c2003
300 _a152
_bजीवनग्रंथ वितरण,औरंगाबाद
365 _b150
520 _aचरित्र्ेा-पुरूष.
630 _aनि:शब्द पाऊलवाट.
650 _aचरित्र्ेा-पुरूष.
730 _aनि:शब्द पाऊलवाट.
942 _cBOOK
999 _c788112
_d788109